| 000 | 00997nam a2200289Ia 4500 | ||
|---|---|---|---|
| 003 | OSt | ||
| 005 | 20220918171033.0 | ||
| 006 | a|||||r|||| 00| 0 | ||
| 007 | ta | ||
| 008 | 220917b |||||||| |||| 00| 0 eng d | ||
| 020 |
_a9781138093850 (pbk) _cUKP 29.99 |
||
| 024 | _a353,173 | ||
| 037 |
_b041, 13/12/2019, Classic Book Service _cTextual |
||
| 040 |
_aARTS _cARTS _beng |
||
| 041 |
_2eng _aeng |
||
| 082 | _aO111:g(KZ), R0 | ||
| 100 |
_aEdwards Karen L. Ed. _933400 |
||
| 245 | 0 |
_aReading literary animals _b medieval to modern |
|
| 260 |
_aNew York _bRoutledge USA _c2020 |
||
| 300 |
_axi,290p. _ccm. |
||
| 490 | _aPerspectives on the non - human in literature and culture | ||
| 650 |
_aANIMALS; ENGLISH LITERATURE _933401 |
||
| 700 |
_a Ryan Derek Ed. _933402 |
||
| 700 |
_a Spencer Jane Ed. _933403 |
||
| 942 |
_hO111:g(KZ), R0 _cTEXL _2CC |
||
| 999 |
_c137448 _d137448 |
||